000
002690000a22000970004500
100
1
_a
Goheen, Mike (1955- )
245
1
0
_a
Toward a missiology of western culture
300
_a
Vol. 8, Núm 2 (1999), Páginas 155-168
773
0
_t
European Journal of Theology
942
_c
ANA
999
_c
53990
_d
53990